On fringe benefits and layoffs (Registro nro. 29219)

Detalles MARC
000 -LEADER
fixed length control field 00376 a2200121 4500
001 - CONTROL NUMBER
control field ART_44272
005 - DATE AND TIME OF LATEST TRANSACTION
control field 20260410161938.0
008 - FIXED-LENGTH DATA ELEMENTS--GENERAL INFORMATION
fixed length control field 260409a
100 1# - MAIN ENTRY--PERSONAL NAME
Personal name Lieberman, Marc O.
245 10 - TITLE STATEMENT
Title On fringe benefits and layoffs
700 1# - ADDED ENTRY--PERSONAL NAME
Personal name Jehle, Geoffrey A.
773 0# - HOST ITEM ENTRY
Title Journal of post Keynesian economics
Related parts - Vol. 20, Nº 2 (dic.1997/mar.1998)
Record control number REV26226

No hay ítems disponibles.